| 000 | 00904nam a2200301 a 4500 | ||
|---|---|---|---|
| 001 | 58209 | ||
| 003 | CO-BoRNBP | ||
| 005 | 20250820162831.0 | ||
| 007 | ta | ||
| 008 | 010827r20101997mx a jr 00010 spa d | ||
| 040 |
_aCO-BoBLA _bspa _cCO-BoBLA |
||
| 041 | 1 |
_aspa _heng |
|
| 082 | 0 | 4 |
_aI372.21 _bG65e _219 |
| 100 | 1 |
_aGomi, Taro, _d1945- _92355 |
|
| 245 | 1 | 0 |
_aEscapes / _cTaro Gomi. |
| 250 | _aCuarta reimpresión, 2010. | ||
| 300 |
_a[16] páginas : _bilustraciones a color ; _c12 cm. |
||
| 336 |
_2rdacontent _atexto _btxt |
||
| 337 |
_2rdamedia _asin mediación _bn |
||
| 338 |
_2rdacarrier _avolumen _bnc |
||
| 534 | _tEscape. | ||
| 650 | 7 |
_aEducación preescolar. _2BLAAUTO |
|
| 650 | 7 |
_aLibros ilustrados para niños. _2BLAAUTO _92001 |
|
| 650 | 7 |
_aJuego simbólico. _2BLAAUTO _962669 |
|
| 830 | 0 |
_aLista Básica-Bibliotecas Públicas 2. _942480 |
|
| 942 |
_2ddc _cBK |
||
| 949 |
_an _bn |
||
| 999 |
_c58209 _d58209 |
||